00423nam a2200145 a 45000010005000000030005000050050017000100080041000270200015000680400020000831000020001032450066001232600068001897000020002572455CDMR20130930172838.0130130s1996||||||||||||||||||||||||||||d a8486984696 aCDMRbcatcCDMR1 aOliva, Llúcia14aLas noticias en televisióncLlúcia Oliva y Xavier Sitjà aMadridc1996bInstituto Oficial de RadioTelevisión Española1 aSitjà, Xavier